000 00527nmm a2200169Ia 4500
008 251105s9999||||xx |||||||||||||||||und||
020 _a9788437061139
041 _aspa
100 _aGallardo Paúls, Beatriz
245 0 _aConocimiento y lenguaje
264 _a[Madrid, España] :
_bPublicaciones de la Universidad de Valencia (PUV),
_c2005
300 _a544 páginas
490 _aEducació. Serie materials
650 _aPhilosophy of language
856 _uhttps://public.digitaliapublishing.com/a/34790
942 _cCF
999 _c82316
_d82316